000 00359nam a2200145Ia 4500
005 20251222143218.0
008 251222s9999||||xx |||||||||||||| ||spa||
020 _a99729906507
082 _a333.793.2/B73
100 _aBonfiglio, Giovanni
245 0 _aHistoria de la Electricidad en Lima
250 _a1ra.ed.
264 _bAustralis, S.A.
942 _cLIB
999 _c13698
_d13698